| 000 | 00710cam a2200265 4500 | ||
|---|---|---|---|
| 001 | B223 | ||
| 008 | 090401t1986 xxu||||| |||| 00| 0 eng d | ||
| 035 | _a(Sirsi) u34416 | ||
| 041 | _aeng | ||
| 050 | _a690.25 | ||
| 110 | _aBuilding Research Establishment | ||
| 245 | _aBrick walls: replastering following dpc injection. | ||
| 260 |
_aGarston, Watford _bBRE _c1986 |
||
| 300 | _a1 sheet : ill. ; 30cm. | ||
| 350 | _a0 | ||
| 490 |
_aDefect Action Sheet _v86 (Design) |
||
| 490 |
_aDAS _v86 |
||
| 650 | _aBRICKS AND BRICKWORK | ||
| 650 | _aBUILDING DEFECTS | ||
| 650 | _aDAMP PROOFING | ||
| 650 | _aPLASTER | ||
| 690 | _aBUILT ENVIRONMENT-BUILDING PATHOLOGY | ||
| 942 | _n0 | ||
| 948 | _c04/03/1997 | ||
| 999 |
_c89942 _d89942 |
||